| 000 | 00951nam a22002777a 4500 | ||
|---|---|---|---|
| 005 | 20240910150215.0 | ||
| 010 | _aENG-117645 ENG-141283 ENG-141733 | ||
| 020 |
_c695.00 _a9788182748668 |
||
| 020 |
_c695.00 _a9788182718491 |
||
| 020 |
_c795.00 _a9788182749092 |
||
| 035 | _aEN-101177 | ||
| 035 | _aEN-125265 | ||
| 035 | _aEN-124815 | ||
| 037 | _bDBAD | ||
| 082 | _a320.934 | ||
| 245 |
_aIndigenous historical knowledge: _bKautilya and his vocabulary/ _cedited by Pradeep Kumar Gautam, Saurabh Mishra [and] Arvind Gupta |
||
| 260 |
_aNew Delhi _bPentagon Press _c2015 |
||
| 270 |
_a206,Peacock Lane, Shahpur Jat _bNew Delhi _e110049 |
||
| 300 |
_ax,524p. : _c23cm(Hb) _bill (maps) |
||
| 300 |
_axx,125p. : _c23cm(Hb) _bill (maps) |
||
| 490 | _vVol 1, Vol 2, Vol 3 | ||
| 700 |
_aGautam, Pradeep Kumar _969692 |
||
| 700 |
_a Mishra, Saurabh _969693 |
||
| 700 |
_a Gupta, Arvind _969694 |
||
| 942 |
_2ddc _cEN _mIND _h355.03305 |
||
| 999 |
_c138562 _d138562 |
||